Flagi państw na literę A - Statystyki

Ogólne statystyki
  • Ten quiz został rozwiązany 23 razy
  • Średni wynik to 11 z 12
Statystyki odpowiedzi
Obrazkowy Odpowiedź % Poprawnych
Albania
100%
Argentyna
100%
Australia
100%
Austria
100%
Algieria
95%
Andora
95%
Arabia Saudyjska
95%
Armenia
95%
Azerbejdżan
95%
Angola
90%
Afganistan
86%
Antigua i Barbuda
86%
Nie znaleziono quizów pasujących do podanych kryteriów
Rozkład punktacji
Procent ludzi z każdym wynikiem
Percentyl według liczby udzielonych odpowiedzi
Twoja historia wyników
Nie rozwiązałeś tego quizu